| 000 | 00628cam a2200193 i 4500 | ||
|---|---|---|---|
| 020 | _a0471034703 | ||
| 082 | 0 | 0 |
_a629.22 _bWON |
| 100 | 1 |
_aWong, J. Y. _944372 |
|
| 245 | 1 | 0 |
_aTheory of ground vehicles / _cJ. Y. Wong. |
| 260 |
_aNew York : _bWiley, _cc1978. |
||
| 300 |
_axxi, 330 p. : _bill. ; _c24 cm. |
||
| 500 | _a"A Wiley-Interscience publication." | ||
| 526 |
_a0 _b0 _c0 _d629_220000000000000_WON |
||
| 650 | 0 |
_aGround-effect machines _xDesign and construction. _944373 |
|
| 650 | 0 |
_aMCE _9379 |
|
| 650 | 0 |
_aMotor vehicles _xDesign and construction. _944374 |
|
| 650 | 0 |
_aMotor vehicles _xDynamics. _910006 |
|
| 942 |
_2ddc _cBK |
||
| 999 |
_c548183 _d548183 |
||